Antología poética: el poeta es un fingidor
Shranjeno v:
| Glavni avtor: | |
|---|---|
| Format: | Knjiga |
| Jezik: | španščina |
| Izdano: |
Madrid
Espasa Calpe
2000
|
| Izdaja: | 7a. ed |
| Serija: | Colección Austral, 67
|
| Teme: | |
| Oznake: |
Označite
Brez oznak, prvi označite!
|
MARC
| LEADER | 00000nam a2200000 a 4500 | ||
|---|---|---|---|
| 001 | UCM9668 | ||
| 003 | CL-VaPUC | ||
| 008 | 030509e20000000SP |||||||||||||||||spa|d | ||
| 082 | 0 | 4 | |a 869.1 |b PES |2 21 |
| 100 | 0 | |a Pessoa, Fernando |e author |9 328256 | |
| 245 | 1 | 0 | |a Antología poética: el poeta es un fingidor |
| 250 | |a 7a. ed | ||
| 300 | |a 393 p | ||
| 942 | |c BK | ||
| 945 | |d 20030509 00:00:00 |a vberengu | ||
| 260 | |a Madrid |b Espasa Calpe |c 2000 | ||
| 500 | |a Esta Antología incluye: | ||
| 500 | |a DEL CANCIONERO, 1909-1935 | ||
| 500 | |a A veces, y el sueño es triste | ||
| 500 | |a Absorto e incierto | ||
| 500 | |a Alga | ||
| 500 | |a Súbita mano de un fantasma oculto | ||
| 500 | |a L'homme | ||
| 500 | |a Cuando era joven, yo a mí me decia | ||
| 500 | |a Pobre vieja música! | ||
| 500 | |a Sol nulo de días vanos | ||
| 500 | |a Trina en la noche una flauta | ||
| 500 | |a Hoy, en este ocio incierto | ||
| 500 | |a Mañana de los otros! | ||
| 500 | |a El sueño no ha llegado esta noche | ||
| 500 | |a Canta la pobre segadora | ||
| 500 | |a El niño de su mamá | ||
| 500 | |a Aún no es de noche y siento | ||
| 500 | |a Qué es lo que de mí fue? | ||
| 500 | |a Sí, todo es cierto siempre que no sea | ||
| 500 | |a Aquí, al borde de la playa | ||
| 500 | |a El sol grande en la era | ||
| 500 | |a Maravíllate, memoria! | ||
| 500 | |a Quiero ser libre insincero | ||
| 500 | |a Tengo pena y no respondo | ||
| 500 | |a De aquí a poco acaba el día | ||
| 500 | |a Da la sorpresa de ser | ||
| 500 | |a Leve en lo alto, a las hierbas | ||
| 500 | |a Cae del cielo ceniciento | ||
| 500 | |a Gato en la calle jugando | ||
| 500 | |a Del viento en la orilla mueven | ||
| 500 | |a Parece a veces que despierto | ||
| 500 | |a Tiene el viento variedad | ||
| 500 | |a En lo hondo del pensamiento | ||
| 500 | |a Las nubes son sombrías | ||
| 500 | |a El andamio | ||
| 500 | |a Hoy, con cielo tranquilo y tarde hermosa | ||
| 500 | |a Despierto siempre antes que raye el día | ||
| 500 | |a Autopsicografía | ||
| 500 | |a Me guía la razón | ||
| 500 | |a Rabia en la tiniebla el viento | ||
| 500 | |a El que llama a mi puerta | ||
| 500 | |a Cómo dudosa, de noche, enfrente | ||
| 500 | |a Iba deprisa, elegante | ||
| 500 | |a Iniciación | ||
| 500 | |a Eros y Psique | ||
| 500 | |a Oscila el incensario antiguo | ||
| 500 | |a Al pie del Monte Abiegno | ||
| 500 | |a Qué aire tan suave! | ||
| 500 | |a Quiero, tendré | ||
| 500 | |a Mirando al mar, sueño sin tener que | ||
| 500 | |a La novela inacabada | ||
| 500 | |a Todas las cosas que hay en el mundo | ||
| 500 | |a Pasa una nube por el sol | ||
| 500 | |a Momento imperceptible | ||
| 500 | |a Cuando los niños juegan | ||
| 500 | |a Reposa, sobre el trigo | ||
| 500 | |a Tengo tanto sentimiento | ||
| 500 | |a Qué cosas distante? | ||
| 500 | |a DEL PRIMER FAUSTO, 1908-1933 | ||
| 500 | |a El misterio del mundo | ||
| 500 | |a Quiero huir del misterio | ||
| 500 | |a El perenne misterio que atraviesa | ||
| 500 | |a Se derrumbó el misterio sobre mi alma | ||
| 500 | |a Ah, todo es símbolo y analogía! | ||
| 500 | |a Fantasmas sin lugar, los que mi mente | ||
| 500 | |a Del yerro eterno en el eterno viaje | ||
| 500 | |a Soy la conciencia que odia a lo inconsciente | ||
| 500 | |a Ser es, para mí, admirarme | ||
| 500 | |a Entre lo real y yo se tiende un velo | ||
| 500 | |a El horror de conocer | ||
| 500 | |a Sólo son la ignorancia y la inocencia | ||
| 500 | |a Soñando he vencido mundos | ||
| 500 | |a De lo profundo de la inconsciencia | ||
| 500 | |a No tengo, no, ya duda o alegría | ||
| 500 | |a Oh mi alma amarga! | ||
| 500 | |a Ah, no poder dormir | ||
| 500 | |a Cuánto toma una forma o ilusión | ||
| 500 | |a La carencia del placer y del amor | ||
| 500 | |a El horror metafísico del Otro! | ||
| 500 | |a Cuando, vividos, se adoran | ||
| 500 | |a Sería dulce amar | ||
| 500 | |a El temor de la muerte | ||
| 500 | |a Pasmo siento al pensar que sea la muerte | ||
| 500 | |a Teme el bruto a la muerte porque vive | ||
| 500 | |a Sólo una cosa me apavora | ||
| 500 | |a DE MENSAJE, 1913-1934 | ||
| 500 | |a Viriato | ||
| 500 | |a El conde don Enrique | ||
| 500 | |a Don Dinis | ||
| 500 | |a Doña Felipa de Lancaster | ||
| 500 | |a Padrón | ||
| 500 | |a El monstruo | ||
| 500 | |a Fernando de Magallanes | ||
| 500 | |a El quinto imperio | ||
| 500 | |a El encubierto | ||
| 500 | |a Bandarra | ||
| 500 | |a Mi libro escribo al pie de la congoja | ||
| 500 | |a DE EL GUARDADOR DE REBAÑOS, 1914-1915 | ||
| 500 | |a Nunca he guardado rebaños | ||
| 500 | |a Mi mirada es nítida como un girasol | ||
| 500 | |a Esta tarde ha caído la tormenta | ||
| 500 | |a Hay suficiente metafísica en no pensar en nada | ||
| 500 | |a Pensar en Dios es desobeceder a Dios | ||
| 500 | |a Desde mi aldea veo | ||
| 500 | |a Soy un guardador de rebaños | ||
| 500 | |a Las cuatro canciones siguientes | ||
| 500 | |a Ojalá mi vida fuera una carreta de bueyes | ||
| 500 | |a En mi plato, qué mezcla de naturaleza! | ||
| 500 | |a Ojalá fuese el polvo del camino | ||
| 500 | |a Cuando la luz de la luna da en el césped | ||
| 500 | |a El tajo es más bello que el río que corre por mi aldea | ||
| 500 | |a DE POEMAS INCONJUNTOS, 1914-1915 | ||
| 500 | |a No basta abrir la vantana | ||
| 500 | |a Niño desconocido y sucio | ||
| 500 | |a Pastor del monte | ||
| 500 | |a La espantosa realidad de las cosas | ||
| 500 | |a Cuando vuelva a venir la primavera | ||
| 500 | |a Cuando llegue la primavera | ||
| 500 | |a Si, después de morir, quieren escribir mi biografía | ||
| 500 | |a Cuando crezca la hierba sobre mi sepultura | ||
| 500 | |a Cuando hace frío en el tiempo del frío | ||
| 500 | |a Me importa poco | ||
| 500 | |a El pastor amoroso perdió el cayado | ||
| 500 | |a También sé hacer conjenturas | ||
| 500 | |a Es tal vez el último día de mi vida | ||
| 500 | |a DE ODAS, 1914-1934 | ||
| 500 | |a Maestro, son plácidas | ||
| 500 | |a Los dioses desterrados | ||
| 500 | |a El dios Pan no murió | ||
| 500 | |a Ven a sentarte conmigo, Lidia | ||
| 500 | |a Muestren su nieve, al sol, lejanos montes | ||
| 500 | |a La palidez del día es levemente dorada | ||
| 500 | |a No tengas nada en las manos | ||
| 500 | |a Las rosas del jardín de Adonis amo | ||
| 500 | |a Cuidas, necio, que cumples, apretando | ||
| 500 | |a No consienten los dioses sino vida | ||
| 500 | |a Siempre tuvimos, ángeles o dioses | ||
| 500 | |a Oí contar que otrora, cuando en Persia | ||
| 500 | |a A la patria, mi amor, prefiero rosas | ||
| 500 | |a Sigue tu destino | ||
| 500 | |a Yo no canto a la noche, que en mi canto | ||
| 500 | |a No la que das, la flor que tú eres quiero | ||
| 500 | |a Cuán breve tiempo es la más larga vida! | ||
| 500 | |a Tan pronto pasa todo cuanto pasa! | ||
| 500 | |a No sólo vino, sino olvido, echo | ||
| 500 | |a Cuánta tristeza y amargura ahoga | ||
| 500 | |a Gozo soñado es gozo, aunque en el sueño | ||
| 500 | |a El sueño es bueno porque despertamos | ||
| 500 | |a Entre las ramas de árboles frondosos | ||
| 500 | |a Si recuerdo quien fui, me veo otro | ||
| 500 | |a No sólo quien nos odia o nos envidia | ||
| 500 | |a Temo, Lidia, al destino | ||
| 500 | |a Dejemos, Lidia, ciencia que no pone | ||
| 500 | |a Es tan suave la fuga de este día | ||
| 500 | |a A los dioses las cosas son más cosas | ||
| 500 | |a Que me olviden los dioses sólo quiero | ||
| 500 | |a Que me concedan no pedirles nada | ||
| 500 | |a Mi gesto, que destruye | ||
| 500 | |a Bajo leve tutela | ||
| 500 | |a DE POESIAS, 1914-1935 | ||
| 500 | |a Oda triunfal | ||
| 500 | |a Dos fragmentos de odas | ||
| 500 | |a Oda marítima | ||
| 500 | |a Tránsito de las horas | ||
| 500 | |a No sé, me falta un sentido, un tacto | ||
| 500 | |a Lisbon Revisited | ||
| 500 | |a Si te quieres matar, por qué no te quieres matar? | ||
| 500 | |a El florecer del encuentro casual | ||
| 500 | |a Maestro, mi querido maestro! | ||
| 500 | |a Magníficat | ||
| 500 | |a Símbolos?, estoy harto de símbolos | ||
| 500 | |a Allí no había electricidad | ||
| 500 | |a No: despacio | ||
| 500 | |a Los antiguos invocaban a las musas | ||
| 500 | |a No estoy pensando en nada | ||
| 500 | |a El sueño que desciende sobre mí | ||
| 500 | |a Todas las cartas de amor son | ||
| 500 | |a Ah, antes esta única realidad, que es el misterio | ||
| 500 | |a Despertar de la ciudad de Lisboa | ||
| 500 | |a Después de todo, la mejor manera de viajar es sentir | ||
| 500 | |a Quiero teminar entre rosas | ||
| 500 | |a MAS ALLA DE OTRO OCEANO, hacia 1915 | ||
| 500 | |a En un sentimiento de fiebre | ||
| 500 | |a Mi pensamiento trabaja muchas veces silenciosamente | ||
| 500 | |a En este salón antiguo | ||
| 500 | |a Cuando entro en una sala grande y desnuda | ||
| 500 | |a Un rebaño de ovejas es una cosa triste | ||
| 500 | |a Yo robo por placer | ||
| 500 | |a La posición de un cuerpo no es indiferente para su equilibrio | ||
| 500 | |a Cuando me acuerdo de que hay personas | ||
| 500 | |a En el arte de cada obrero | ||
| 500 | |a Mi físico es muchas veces causa de mi amargura | ||
| 500 | |a Amo las alamedas de árboles sombrías y curvas | ||
| 500 | |a Muchas veces me oculto sensaciones y gustos | ||
| 500 | |a Sentir la poesía es la manera figurada de vivirse | ||
| 500 | |a En la secuencia de los pasos | ||
| 600 | 0 | 7 | |a PESSOA, FERNANDO 1888-1935 |2 CL-VaPUC |9 476199 |
| 600 | 0 | 7 | |a CAEIRO, ALBERTO |2 CL-VaPUC |9 476200 |
| 600 | 0 | 7 | |a REIS, RICARDO |2 CL-VaPUC |9 476201 |
| 600 | 0 | 7 | |a DE CAMPOS, ALVARO |2 CL-VaPUC |9 476202 |
| 650 | 0 | |a Poesías portuguesas |9 268079 | |
| 650 | 7 | |a LITERATURA PORTUGUESA |2 CL-VaPUC |9 370842 | |
| 583 | |a last modification |c 20030509 00:00:00 |k Rodrigo Vera | ||
| 490 | 0 | |a Colección Austral, 67 | |
| 999 | |c 303812 |d 303810 | ||
| 952 | |0 0 |1 0 |4 0 |6 869_100000000000000_PES_2000 |7 0 |8 A |9 365376 |a BIBART |b BIBART |d 2019-11-21 |i 3903915 |o 869.1 PES 2000 |p 3903915 |r 2025-03-13 |w 2019-11-21 |y BK |k ART | ||